00517nam a2200229Ia 450000500170000000800460001702000180006303700100008104000080009104000080009904000080010704100080011504100080012308400080013110000180013924500140015726000220017126000220019326000090021565000150022485600480023920260121124530.0008 260114s9999 xx 000 0 eng d a9781438463803 aEBOOK aCRL beng cCRL 2eng aeng qCRL aBenso, Silvia 0aViva Voce bWalter de Gruyter bWalter de Gruyter c2017 aPhilosophy uhttp://www.degruyter.com/isbn/9781438463803